[Event "CHN-chT 4th"]
[Site "China"]
[Date "2008.12.08"]
[Round "16"]
[White "Li, Ruofan"]
[Black "Hou, Yifan"]
[Result "1-0"]
[WhiteElo "2426"]
[BlackElo "2578"]
[PlyCount "109"]
[EventDate "2008.12.??"]
[EventType "team-tourn"]
[EventRounds "18"]
[EventCountry "CHN"]
[SourceTitle "EXT 2017"]
[Source "ChessBase"]
[SourceDate "2016.10.25"]
[SourceVersion "1"]
[SourceVersionDate "2016.10.25"]
[SourceQuality "1"]

1. Nf3 c5 2. c4 d6 3. d4 cxd4 4. Nxd4 b6 5. e4 {Transposant d'une anglaise
vers une sicilienne} Bb7 6. Nc3 Nf6 7. Bd3 (7. f3 {La grande ligne}) 7... e6 8.
O-O a6 9. Qe2 Nbd7 10. Bd2 $5 {[%cal Ga1e1]} Be7 11. f4 O-O 12. Kh1 Qc7 13.
Rae1 Rad8 (13... Rfd8) (13... g6) 14. b3 (14. Nf3 {[%cal Ge4e5]}) 14... Rfe8
15. Nf3 g6 16. e5 $146 {Une nouveauté mais c'est la suite logique des Blancs
qui ont joué Bd2,Rae1 et Nf3 préparant cette poussée} (16. Bb1 Bf8 {Geenen,
M (2295)-Chuchelov,V (2530) BEL-chT 9596 1995 0-1}) 16... Nh5 17. Be4 $14 Ng7
18. Bxb7 Qxb7 19. exd6 (19. Ne4) 19... Bxd6 20. Ne4 Be7 21. Bc3 $1 {[%csl Gc3,
Rg8]} f5 22. Nf2 Bf6 23. Bxf6 Nxf6 24. Rd1 Ne4 25. Rxd8 (25. Nxe4) 25... Rxd8
26. Re1 Nc5 27. b4 Nd7 28. Rd1 Rc8 29. Kg1 Nf6 30. a3 b5 31. Qe5 (31. c5 Nd5)
31... Nd7 $6 {Un plan trop lent} 32. Qd4 Nb8 33. c5 $1 {Les Noirs ne peuvent
plus jouer Nd5} Nc6 34. Qd6 a5 (34... Rd8 35. Qxd8+ $1 Nxd8 36. Rxd8+ Kf7 37.
c6 $1 {[%csl Rf7][%cal Gf3e5] La pointe}) 35. Ne5 Nxe5 36. Qxe5 axb4 37. axb4
Qf7 38. Rd6 $40 h6 39. c6 Qc7 40. Nd3 {[%cal Gd3c5]} Qb6+ 41. Qc5 Qxc5+ 42.
bxc5 (42. Nxc5) 42... g5 43. g3 gxf4 44. gxf4 Kf8 45. Kf2 $18 {[%cal Gf2d4,
Gd4e5]} Rc7 46. Ke3 Ke7 47. Kd4 Ne8 48. Ke5 Ng7 49. Nb4 Ra7 50. Nc2 Rc7 51. Nd4
b4 52. Nb5 Rc8 53. Rd7+ Kf8 54. c7 Ne8 55. Rd8 1-0

[Event "CHN-chT 4th"]
[Site "China"]
[Date "2008.12.09"]
[Round "17"]
[White "Hou, Yifan"]
[Black "Ding, Yixin"]
[Result "1-0"]
[WhiteElo "2578"]
[BlackElo "2292"]
[PlyCount "57"]
[EventDate "2008.12.??"]
[EventType "team-tourn"]
[EventRounds "18"]
[EventCountry "CHN"]
[SourceTitle "EXT 2017"]
[Source "ChessBase"]
[SourceDate "2016.10.25"]
[SourceVersion "1"]
[SourceVersionDate "2016.10.25"]
[SourceQuality "1"]

1. e4 c5 2. Nf3 d6 3. d4 cxd4 4. Nxd4 Nf6 5. Nc3 a6 6. Be3 e5 7. Nb3 Be7 8. Qd2
O-O 9. O-O-O Be6 (9... a5 {[%cal Ga5a4]} 10. a4 Nc6 (10... Be6)) 10. f4 Qc7 (
10... exf4 11. Bxf4 Nh5 12. g3 Nc6 13. Kb1 Nxf4 14. gxf4 Rc8 15. Nd5 Bf6 16.
Nxf6+ Qxf6 17. Nc1 Rfd8 18. Rg1 Ne7 19. Ne2 d5 20. e5 Qh6 21. Ng3 Kh8 22. Bd3
Bg4 23. Rdf1 Bh3 24. Rf2 Re8 25. a3 Rc7 26. Qe2 g6 27. Qe3 Nc6 28. Qb6 Rec8 29.
f5 Nxe5 30. fxg6 fxg6 31. Bf5 Rc6 32. Qd4 gxf5 33. Nxf5 Qe6 34. Nh6 R6c7 35.
Rf7 Rc4 36. Rgg7 Bf5 37. Nxf5 Qxf7 38. Qxe5 Qxf5 39. Rxh7+ Kxh7 40. Qxf5+ {
Morozevich,A (2755)-Van Wely,L (2680) Kemer 2007 1/2-1/2}) 11. f5 $1 Bc4 12. g4
Nbd7 $146 (12... b5 13. g5 {Kasimdzhanov,R (2679)-Friese,H (2083) Mainz Ordix
op 15th rapid 2008 (1) 1-0}) (12... Nxg4 13. Rg1 $44 {Mekhitarian,K (2456)
-Noroozi,O (2222) World University-ch 10th 2008 (8) 1-0}) 13. g5 Nh5 14. Rg1
$36 {[%cal Gf5f6,Gg5g6]} Kh8 15. Be2 (15. g6 $5 hxg6 16. fxg6 $16) 15... Nf4
16. Bxc4 Qxc4 17. Bxf4 exf4 18. Qxf4 Rfc8 19. Nd4 (19. f6 $1) 19... b5 20. Kb1
Nb6 21. Rg3 b4 22. Nce2 Qc5 23. Rh3 Qe5 24. Qh4 (24. Rxh7+ $5 Kxh7 25. Qh4+ Kg8
26. Rd3 Bxg5 $1 27. Qxg5 Nd7 28. Rh3 Nf6 {[%cal Gg8f8]}) 24... h6 25. Qg4 Kh7
26. f6 (26. g6+ fxg6 27. Qxg6+ Kh8 28. Ne6 {[%cal Ge6g7]} Bf6 {[%cal Ge5b2]}
29. Rxh6+ $1 gxh6 30. Qxh6+ Kg8 31. Rg1+ Kf7 32. Qh7+ Bg7 33. Rxg7+) 26... Bf8
27. Nf5 $18 Nc4 28. Ned4 gxf6 29. Nxh6 1-0

[Event "CHN-chT 4th"]
[Site "China"]
[Date "2008.12.10"]
[Round "18"]
[White "Koneru, Humpy"]
[Black "Hou, Yifan"]
[Result "0-1"]
[WhiteElo "2618"]
[BlackElo "2578"]
[PlyCount "126"]
[EventDate "2008.12.??"]
[EventType "team-tourn"]
[EventRounds "18"]
[EventCountry "CHN"]
[SourceTitle "EXT 2017"]
[Source "ChessBase"]
[SourceDate "2016.10.25"]
[SourceVersion "1"]
[SourceVersionDate "2016.10.25"]
[SourceQuality "1"]

1. Nf3 {C'était une des premières parties entre les deux adversaires} Nf6 2.
c4 e6 3. Nc3 Bb4 {La défense Nimzo-anglaise} 4. Qc2 (4. g4 $5) 4... O-O 5. a3
(5. e3 {L'alternative} c5) 5... Bxc3 6. Qxc3 b6 7. g3 Bb7 8. Bg2 d5 (8... c5)
9. d4 $5 (9. cxd5 Nxd5 10. Qc2 c5 {[%csl Gd4]} 11. O-O Nc6 12. b3 e5 13. Bb2
Re8 $11 {Uhlmann,W (2535)-Kortschnoj,V (2665) Hastings 7576 1975 (7) 1/2}) 9...
dxc4 10. Qxc4 Bd5 11. Qd3 Be4 {L'idée de la variante dc4 qui rappelle un
thème de la Catalane} (11... Nbd7 12. O-O c5 13. Bg5 Qc7 14. Rac1 c4 15. Qc2
Qb7 16. Ne1 Bxg2 17. Nxg2 b5 18. f3 h6 19. Be3 Rfc8 20. Bf2 b4 21. axb4 Nd5 22.
Ra1 Nxb4 23. Qd2 a5 24. Ra3 Qb5 25. Rfa1 Nb6 26. Ne3 Rd8 27. Nd1 Nc6 28. e4
Rab8 29. Kg2 Qe5 30. Nc3 Nxd4 31. Rxa5 Qf6 32. Bxd4 Rxd4 33. Qe2 Rbd8 34. Rd1
Rd3 35. Raa1 Qg5 36. h4 Qc5 37. Qf2 Qb4 38. h5 Nc8 39. Re1 Ne7 40. Re2 Nc6 41.
Ra4 {Nikolic,P (2638)-Quesada Perez,Y (2604) Barcelona 2012 0-1}) 12. Qd1 (12.
Qc3 Nbd7) 12... Nc6 13. O-O Qd5 14. Be3 $146 (14. Bg5 Nd7 15. Rc1 Rac8 16. Be3
Rfd8 17. Bg5 f6 18. Be3 Nf8 19. Qa4 a5 20. Qc4 Qxc4 21. Rxc4 Bd5 22. Rc2 Be4
23. Rc4 Bd5 24. Rc2 Bxf3 25. Bxf3 Nxd4 26. Bxd4 Rxd4 27. e3 Rd7 28. Bc6 Rd6 29.
Bb7 Rcd8 30. Rxc7 Rd2 31. Rb1 R8d7 32. Rxd7 Rxd7 33. Ra1 {1/2-1/2 (33)
Cyborowski,L (2562)-Delchev,A (2624) Cappelle la Grande 2004}) 14... Rad8 15.
Qc1 $6 (15. Rc1 {Plus naturel}) 15... Rd7 16. b4 Nxd4 17. Bxd4 Bxf3 18. Bxf6
Bxg2 19. Rd1 Qxd1+ 20. Qxd1 Rxd1+ 21. Rxd1 gxf6 22. Kxg2 Rc8 $1 23. b5 (23. Rd7
c5 24. bxc5 (24. Rxa7 $2 c4)) 23... c6 24. bxc6 Rxc6 25. Rd7 a6 26. Ra7 (26.
Rb7 Kg7 $17) 26... a5 27. g4 Rc3 28. Rb7 Rb3 29. e3 Kg7 30. Kg3 Kg6 31. h4 h6
32. h5+ Kg7 33. Rb8 Rb5 34. f4 {Un coup affaiblissant} (34. Kf3) 34... Rb3 35.
Kf3 e5 36. f5 b5 37. Rb6 $44 {La position des R rend le gain des Noirs assez
difficile à réaliser} a4 38. Rb8 Rb1 39. Ke4 $1 Rb3 40. Kf3 Kh7 41. Rb6 Kg7
42. Rb8 Rb2 43. Ke4 Rb1 44. Kf3 Rb3 45. Ke4 Rxa3 46. Rxb5 Ra1 47. Kf3 (47. Ra5
a3 48. Ra6 a2 49. Ra7 (49. Ra8 Kh7 50. Ra7 Kg8 51. Ra8+ Kg7 52. Ra6 $22 Kf8 {
[%cal Gf8b4]}) 49... Kf8) 47... a3 48. Ra5 a2 49. Ke4 Rg1 $6 {Provoque une
simplification} (49... Kf8 50. Ra7 Ke8 51. Ra6 Ke7 52. Ra7+ Kd6 53. Ra6+ Kc5
54. Ra7 Kb4 55. Rb7+ Ka3 56. Ra7+ Kb2 57. Rb7+ Kc2 $19) 50. Rxa2 Rxg4+ 51. Kf3
$2 (51. Kd5 $8 Rg5 52. e4 Rxh5 53. Kd6 Rg5 54. Ke7 Rg4 55. Ra6 Rxe4 56. Rxf6 h5
57. Rxf7+) 51... Rg5 52. e4 Rxh5 53. Rg2+ Rg5 54. Ra2 h5 55. Rh2 Kh6 56. Ra2
Rg4 57. Ra4 Rf4+ 58. Ke3 h4 59. Ra8 Kg7 60. Ra1 h3 61. Rh1 Rh4 62. Kf3 Kh6 63.
Kg3 Kg5 0-1

[Event "Rochefort op 8th"]
[Site "Rochefort"]
[Date "2009.02.??"]
[Round "4"]
[White "Houard, Yannick"]
[Black "Sandu, Mihaela"]
[Result "1/2-1/2"]
[WhiteElo "2182"]
[BlackElo "2285"]
[PlyCount "57"]
[EventDate "2009.02.??"]
[EventType "swiss"]
[EventRounds "9"]
[EventCountry "FRA"]
[SourceTitle "EXT 2010"]
[Source "ChessBase"]
[SourceDate "2010.11.25"]
[SourceVersion "1"]
[SourceVersionDate "2010.11.25"]
[SourceQuality "1"]

1. e4 c5 2. Nf3 d6 3. d4 cxd4 4. Nxd4 Nf6 5. Nc3 g6 6. Be2 Bg7 7. O-O Nc6 8.
Be3 O-O 9. Qd2 Ng4 10. Bxg4 Bxg4 11. f3 Bd7 12. Nxc6 bxc6 13. Kh1 Rb8 14. b3
Qa5 15. Bd4 Bxd4 16. Qxd4 Rb4 17. Qe3 Be6 18. Rad1 Re8 19. Rfe1 c5 20. e5 dxe5
21. Qxe5 Rb6 22. Na4 Rc6 23. Qg5 Qb4 24. Re4 c4 25. Qh6 Rd6 26. Rxd6 Qxd6 27.
h3 Qd1+ 28. Kh2 Qd6+ 29. Kh1 1/2-1/2

[Event "Rochefort op 8th"]
[Site "Rochefort"]
[Date "2009.02.??"]
[Round "5"]
[White "Nguyen, Chi Minh"]
[Black "Houard, Yannick"]
[Result "1-0"]
[WhiteElo "2429"]
[BlackElo "2182"]
[PlyCount "80"]
[EventDate "2009.02.??"]
[EventType "swiss"]
[EventRounds "9"]
[EventCountry "FRA"]
[SourceTitle "EXT 2010"]
[Source "ChessBase"]
[SourceDate "2010.11.25"]
[SourceVersion "1"]
[SourceVersionDate "2010.11.25"]
[SourceQuality "1"]

1. d4 d5 2. c4 c6 3. Nc3 Nf6 4. e3 a6 5. Nf3 b5 6. c5 g6 7. Bd2 Bg7 8. b4 Nfd7
9. a4 Bb7 10. Be2 O-O 11. O-O Re8 12. Ra2 Nf8 13. Qc2 Nbd7 14. Rfa1 Qc7 15.
axb5 axb5 16. Bxb5 Rxa2 17. Rxa2 cxb5 18. Nxb5 Qb8 19. c6 Bxc6 20. Qxc6 Rc8 21.
Qa6 Nb6 22. Na7 Rc7 23. b5 Nc4 24. Nc6 Qb7 25. Bb4 Bf6 26. g4 Ne6 27. Nd2 Nxd2
28. Bxd2 Ng5 29. Bb4 Ne4 30. f3 Ng5 31. Kg2 Ne6 32. Bc5 Kg7 33. Qxb7 Rxb7 34.
b6 Nc7 35. bxc7 Rxc7 36. Nb4 e6 37. Ra8 Be7 38. Bxe7 Rxe7 39. Nc6 Rc7 40. Ne5
h6 1-0

[Event "Condom op-A"]
[Site "Condom"]
[Date "2009.07.15"]
[Round "6"]
[White "Ouerk, Yanis"]
[Black "Houard, Yannick"]
[Result "1/2-1/2"]
[WhiteElo "2050"]
[BlackElo "2200"]
[PlyCount "46"]
[EventDate "2009.07.11"]
[EventType "swiss"]
[EventRounds "9"]
[EventCountry "FRA"]
[SourceTitle "CBM 131 Extra"]
[Source "ChessBase"]
[SourceDate "2009.09.03"]
[SourceVersion "2"]
[SourceVersionDate "2009.09.16"]
[SourceQuality "1"]

1. e4 e6 2. d4 d5 3. Nc3 Nf6 4. Bg5 Bb4 5. e5 h6 6. Bc1 Ne4 7. Qg4 g6 8. Nge2
c5 9. a3 Ba5 10. b4 Nxc3 11. Nxc3 cxb4 12. Nb5 b3+ 13. Bd2 Bxd2+ 14. Kxd2 b2
15. Rb1 O-O 16. h4 Kg7 17. Rh3 a6 18. Nd6 f5 19. Qf4 Nc6 20. Rxb2 b5 21. Qe3
Bd7 22. Be2 Na5 23. Qc3 Rb8 1/2-1/2

[Event "Saint Affrique op 17th"]
[Site "Saint Affrique"]
[Date "2009.07.20"]
[Round "3"]
[White "Flear, Glenn C"]
[Black "Houard, Yannick"]
[Result "1-0"]
[WhiteElo "2490"]
[BlackElo "2200"]
[PlyCount "105"]
[EventDate "2009.07.18"]
[EventType "swiss"]
[EventRounds "9"]
[EventCountry "FRA"]
[SourceTitle "EXT 2010"]
[Source "ChessBase"]
[SourceDate "2010.11.25"]
[SourceVersion "1"]
[SourceVersionDate "2010.11.25"]
[SourceQuality "1"]

1. d4 d5 2. c4 c6 3. Nc3 Nf6 4. e3 a6 5. Qc2 b5 6. b3 Bg4 7. Nge2 Bh5 8. Nf4
Bg6 9. Nxg6 hxg6 10. g3 e6 11. Bg2 Nbd7 12. O-O Be7 13. e4 dxe4 14. Nxe4 Nxe4
15. Bxe4 Rc8 16. Rd1 O-O 17. a4 bxc4 18. Qxc4 Nf6 19. Bf3 a5 20. Bd2 Qb6 21. b4
Bxb4 22. Bxb4 Qxb4 23. Qxb4 axb4 24. Rdb1 Nd5 25. Bxd5 cxd5 26. Rxb4 Rc6 27. a5
Ra8 28. h4 Rca6 29. Rb5 Kf8 30. Ra3 R8a7 31. Kg2 Ke7 32. Kh3 Kd6 33. f4 Rc6 34.
Kg4 Kc7 35. Rab3 Kd6 36. Kg5 Kd7 37. g4 Kd6 38. Rb7 Rc7 39. R3b6+ Kd7 40. a6
Kd8 41. f5 gxf5 42. gxf5 exf5 43. Kxf5 Ke8 44. Rb8+ Kd7 45. Ke5 Rc6 46. Kxd5
Rcc7 47. h5 Ke7 48. R8b7 Kd7 49. Rxa7 Rxa7 50. Kc5 Kc8 51. d5 f5 52. Re6 f4 53.
Kb6 1-0

[Event "Asian Indoor Games 3rd sf"]
[Site "Ha Long City"]
[Date "2009.11.07"]
[Round "1"]
[White "Hou, Yifan"]
[Black "Muminova, Nafisa"]
[Result "1-0"]
[WhiteElo "2588"]
[BlackElo "2347"]
[PlyCount "59"]
[EventDate "2009.11.07"]
[EventType "team (rapid)"]
[EventRounds "2"]
[EventCountry "VIE"]
[SourceTitle "CBM 133 Extra"]
[Source "ChessBase"]
[SourceDate "2010.01.05"]
[SourceVersion "1"]
[SourceVersionDate "2010.01.05"]
[SourceQuality "1"]

1. e4 e6 2. d4 d5 3. Nc3 Nf6 4. e5 Nfd7 5. f4 c5 6. Nf3 Nc6 7. Be3 Be7 8. Qd2
O-O 9. Be2 a6 10. O-O b5 11. a3 Qb6 12. Nd1 cxd4 13. Nxd4 Nc5 14. Nf2 Nxd4 15.
Bxd4 Qc6 16. Bd3 Bb7 17. Ng4 Rac8 18. f5 exf5 19. Bxf5 Ne4 20. Qe3 Bg5 21. Qh3
h6 22. c3 Rcd8 23. e6 Qc7 24. exf7+ Rxf7 25. Be6 Rdf8 26. Ne5 Bc8 27. Rxf7 Rxf7
28. Bxf7+ Kh7 29. Be6 Bxe6 30. Qxe6 1-0

[Event "Khanty-Mansiysk Governor Cup-A 5th"]
[Site "Khanty-Mansiysk"]
[Date "2009.11.24"]
[Round "1"]
[White "Hou, Yifan"]
[Black "Shcherbin, Matvei"]
[Result "1-0"]
[WhiteElo "2571"]
[BlackElo "2262"]
[PlyCount "79"]
[EventDate "2009.11.24"]
[EventType "swiss"]
[EventRounds "10"]
[EventCountry "RUS"]
[SourceTitle "EXT 2011"]
[Source "ChessBase"]
[SourceDate "2010.11.26"]
[SourceVersion "1"]
[SourceVersionDate "2010.11.26"]
[SourceQuality "1"]

1. e4 c5 2. Nf3 e6 3. d4 cxd4 4. Nxd4 Bc5 5. Nc3 Qb6 6. Na4 Qa5+ 7. c3 Bxd4 8.
Qxd4 Nf6 9. Nc5 Nc6 10. Qe3 O-O 11. Nb3 Qc7 12. Bd3 Ne5 13. Be2 Qc6 14. f4 Nc4
15. Qd3 d5 16. Nd4 Qb6 17. e5 Ne4 18. Qc2 Qc5 19. a4 Re8 20. Bd3 f5 21. b3 Nb6
22. Ba3 Qc7 23. Nb5 Qc6 24. Nxa7 Qxc3+ 25. Qxc3 Nxc3 26. Bc5 Rxa7 27. Bxb6 Ra8
28. Rc1 d4 29. Bxd4 Nd5 30. g3 Rf8 31. Bc4 Bd7 32. Bxd5 exd5 33. Kd2 Rfc8 34.
Rxc8+ Rxc8 35. Rc1 Bc6 36. b4 Ra8 37. a5 Kf7 38. Rc5 Ke6 39. Kc3 Rb8 40. a6 1-0

[Event "Khanty-Mansiysk Governor Cup-A 5th"]
[Site "Khanty-Mansiysk"]
[Date "2009.11.25"]
[Round "2"]
[White "Musakaev, Emil"]
[Black "Hou, Yifan"]
[Result "0-1"]
[WhiteElo "2333"]
[BlackElo "2571"]
[PlyCount "50"]
[EventDate "2009.11.24"]
[EventType "swiss"]
[EventRounds "10"]
[EventCountry "RUS"]
[SourceTitle "EXT 2011"]
[Source "ChessBase"]
[SourceDate "2010.11.26"]
[SourceVersion "1"]
[SourceVersionDate "2010.11.26"]
[SourceQuality "1"]

1. e4 e6 2. d4 d5 3. Nc3 Nf6 4. e5 Nfd7 5. Nce2 c5 6. c3 Nc6 7. f4 Be7 8. Nf3
O-O 9. Ng3 f6 10. Bd3 cxd4 11. cxd4 fxe5 12. dxe5 Bb4+ 13. Ke2 Be7 14. a3 Nc5
15. Bc2 a5 16. Be3 b6 17. h4 d4 18. Nxd4 Ba6+ 19. Kf2 Nxd4 20. Qxd4 Qxd4 21.
Bxd4 Rxf4+ 22. Ke3 Rg4 23. Rh3 Rd8 24. Rd1 Bb7 25. Rd2 Bxh4 0-1

[Event "Khanty-Mansiysk Governor Cup-A 5th"]
[Site "Khanty-Mansiysk"]
[Date "2009.11.26"]
[Round "3"]
[White "Ehlvest, Jaan"]
[Black "Hou, Yifan"]
[Result "1/2-1/2"]
[WhiteElo "2595"]
[BlackElo "2571"]
[PlyCount "39"]
[EventDate "2009.11.24"]
[EventType "swiss"]
[EventRounds "10"]
[EventCountry "RUS"]
[SourceTitle "EXT 2011"]
[Source "ChessBase"]
[SourceDate "2010.11.26"]
[SourceVersion "1"]
[SourceVersionDate "2010.11.26"]
[SourceQuality "1"]

1. d4 e6 2. c4 Nf6 3. Nc3 Bb4 4. f3 d5 5. a3 Bxc3+ 6. bxc3 c5 7. cxd5 Nxd5 8.
dxc5 Qa5 9. e4 Nf6 10. Be3 O-O 11. Qb3 Nfd7 12. a4 Qc7 13. Qa3 b6 14. Nh3 Nxc5
15. Nf2 Nbd7 16. a5 Ba6 17. Bxc5 Nxc5 18. Bxa6 Nxa6 19. axb6 axb6 20. O-O
1/2-1/2

[Event "Khanty-Mansiysk Governor Cup-A 5th"]
[Site "Khanty-Mansiysk"]
[Date "2009.11.27"]
[Round "4"]
[White "Hou, Yifan"]
[Black "Khismatullin, Denis Rimovich"]
[Result "1/2-1/2"]
[WhiteElo "2571"]
[BlackElo "2601"]
[PlyCount "68"]
[EventDate "2009.11.24"]
[EventType "swiss"]
[EventRounds "10"]
[EventCountry "RUS"]
[SourceTitle "EXT 2011"]
[Source "ChessBase"]
[SourceDate "2010.11.26"]
[SourceVersion "1"]
[SourceVersionDate "2010.11.26"]
[SourceQuality "1"]

1. e4 d6 2. d4 Nf6 3. Nc3 e5 4. Nf3 Nbd7 5. Bc4 Be7 6. O-O O-O 7. Re1 c6 8. a4
exd4 9. Nxd4 Ne5 10. Bf1 Re8 11. a5 Bd7 12. h3 Bf8 13. Bg5 h6 14. Bh4 Ng6 15.
Bg3 b5 16. axb6 axb6 17. Rxa8 Qxa8 18. Nf5 d5 19. Nh4 dxe4 20. Nxg6 fxg6 21.
Nxe4 Rxe4 22. Rxe4 Nxe4 23. Qxd7 Nxg3 24. fxg3 Bc5+ 25. Kh2 Qa1 26. Qd3 b5 27.
h4 h5 28. g4 Qe1 29. gxh5 Qxh4+ 30. Qh3 Qf4+ 31. g3 Qf2+ 32. Qg2 gxh5 33. Qxf2
Bxf2 34. b4 Kf7 1/2-1/2

[Event "Khanty-Mansiysk Governor Cup-A 5th"]
[Site "Khanty-Mansiysk"]
[Date "2009.11.28"]
[Round "5"]
[White "Ghaem Maghami, Ehsan"]
[Black "Hou, Yifan"]
[Result "0-1"]
[WhiteElo "2604"]
[BlackElo "2571"]
[PlyCount "80"]
[EventDate "2009.11.24"]
[EventType "swiss"]
[EventRounds "10"]
[EventCountry "RUS"]
[SourceTitle "EXT 2011"]
[Source "ChessBase"]
[SourceDate "2010.11.26"]
[SourceVersion "1"]
[SourceVersionDate "2010.11.26"]
[SourceQuality "1"]

1. Nf3 Nf6 2. c4 e6 3. Nc3 d5 4. d4 Bb4 5. cxd5 exd5 6. Qa4+ Nc6 7. Bg5 Qd6 8.
Bxf6 Qxf6 9. e3 O-O 10. Qb3 Be6 11. Bd3 a5 12. O-O Ne7 13. Nb5 c5 14. dxc5 Bxc5
15. Nc7 Rac8 16. Qxb7 Rb8 17. Qa6 Bb6 18. Nxe6 fxe6 19. Bc2 e5 20. Bb3 e4 21.
Nd2 Kh8 22. Rab1 Qe5 23. Qe2 Nf5 24. Rfd1 Rf6 25. Nf1 d4 26. exd4 Nxd4 27. Qc4
Nxb3 28. axb3 Bxf2+ 29. Kh1 e3 30. Qe2 h6 31. Rd3 Qe4 32. Nd2 Qf5 33. Nf3 Rxb3
34. Rd8+ Kh7 35. Rbd1 Rg6 36. R8d4 Qb5 37. Qc2 e2 38. Re1 Bxe1 39. Rd6 Qh5 40.
g4 Rxf3 0-1

[Event "Khanty-Mansiysk Governor Cup-A 5th"]
[Site "Khanty-Mansiysk"]
[Date "2009.11.28"]
[Round "6"]
[White "Hou, Yifan"]
[Black "Kurnosov, Igor"]
[Result "1/2-1/2"]
[WhiteElo "2571"]
[BlackElo "2602"]
[PlyCount "48"]
[EventDate "2009.11.24"]
[EventType "swiss"]
[EventRounds "10"]
[EventCountry "RUS"]
[SourceTitle "EXT 2011"]
[Source "ChessBase"]
[SourceDate "2010.11.26"]
[SourceVersion "1"]
[SourceVersionDate "2010.11.26"]
[SourceQuality "1"]

1. e4 c5 2. Nf3 e6 3. d4 cxd4 4. Nxd4 Nf6 5. Nc3 d6 6. Be2 Be7 7. O-O Nc6 8.
Be3 O-O 9. f4 a6 10. Kh1 Qc7 11. a4 Bd7 12. Nb3 b6 13. Bf3 Nb4 14. g4 d5 15. e5
Ne4 16. Bd4 Rac8 17. Bg2 Nc5 18. a5 bxa5 19. Nxa5 Rfd8 20. Rf3 Nb7 21. Nb3 Nc5
22. Na5 Nb7 23. Nb3 Nc5 24. Na5 Nb7 1/2-1/2

[Event "Khanty-Mansiysk Governor Cup-A 5th"]
[Site "Khanty-Mansiysk"]
[Date "2009.11.29"]
[Round "7"]
[White "Kabanov, Nikolai"]
[Black "Hou, Yifan"]
[Result "0-1"]
[WhiteElo "2502"]
[BlackElo "2571"]
[PlyCount "102"]
[EventDate "2009.11.24"]
[EventType "swiss"]
[EventRounds "10"]
[EventCountry "RUS"]
[SourceTitle "EXT 2011"]
[Source "ChessBase"]
[SourceDate "2010.11.26"]
[SourceVersion "1"]
[SourceVersionDate "2010.11.26"]
[SourceQuality "1"]

1. e4 c5 2. Nf3 e6 3. d3 Nc6 4. g3 Nf6 5. Bg2 d5 6. Nbd2 Be7 7. O-O O-O 8. Re1
b5 9. exd5 exd5 10. a4 b4 11. d4 Bf5 12. dxc5 Bxc5 13. Nb3 Bb6 14. Nfd4 Nxd4
15. Nxd4 Be4 16. a5 Bc5 17. Be3 Rc8 18. Bh3 Nd7 19. f3 Bg6 20. c3 bxc3 21. bxc3
Rc7 22. Bf4 Rb7 23. Kh1 Nf6 24. Be5 Rb2 25. Qc1 Rf2 26. Qe3 Rb2 27. Qf4 Nh5 28.
Qc1 Rf2 29. Bg2 Qd7 30. Nb3 Bd6 31. Qe3 Rb2 32. Bxd6 Qxd6 33. Nd4 Nf6 34. Qe7
Qb8 35. Nc6 Qa8 36. Qc5 a6 37. Nb4 Rc8 38. Qe3 h6 39. Rac1 d4 40. Qxd4 Rd8 41.
Qf4 Rdd2 42. Rg1 Ne4 43. h4 Nf2+ 44. Kh2 Qc8 45. g4 h5 46. Kg3 hxg4 47. fxg4
Nxg4 48. Bh3 Rxb4 49. cxb4 Rd3+ 50. Qf3 Qb8+ 51. Kxg4 f5+ 0-1

[Event "Khanty-Mansiysk Governor Cup-A 5th"]
[Site "Khanty-Mansiysk"]
[Date "2009.11.30"]
[Round "8"]
[White "Hou, Yifan"]
[Black "Pridorozhni, Aleksei"]
[Result "0-1"]
[WhiteElo "2571"]
[BlackElo "2515"]
[PlyCount "76"]
[EventDate "2009.11.24"]
[EventType "swiss"]
[EventRounds "10"]
[EventCountry "RUS"]
[SourceTitle "EXT 2011"]
[Source "ChessBase"]
[SourceDate "2010.11.26"]
[SourceVersion "1"]
[SourceVersionDate "2010.11.26"]
[SourceQuality "1"]

1. e4 e5 2. Nf3 Nc6 3. Bb5 a6 4. Ba4 d6 5. c3 Bd7 6. d4 g6 7. O-O Bg7 8. Re1 b5
9. Bc2 Nf6 10. Nbd2 O-O 11. h3 Re8 12. Nf1 Nh5 13. Bg5 Qc8 14. a4 exd4 15. axb5
Ne5 16. Nxd4 axb5 17. Rxa8 Qxa8 18. Nf5 gxf5 19. Qxh5 Ng6 20. Ng3 f4 21. Ne2
Re5 22. Nd4 h6 23. Nf3 hxg5 24. Nxe5 Bxe5 25. Qxg5 Kg7 26. Bb3 Qh8 27. Bd1 c5
28. Bg4 Bf6 29. Qh5 Qxh5 30. Bxh5 Be6 31. Rd1 Be5 32. Kf1 b4 33. cxb4 cxb4 34.
Rd2 Nf8 35. Bd1 Nd7 36. Ke2 Nc5 37. Kf3 b3 38. Be2 Na4 0-1

[Event "Khanty-Mansiysk Governor Cup-A 5th"]
[Site "Khanty-Mansiysk"]
[Date "2009.12.01"]
[Round "9"]
[White "Hou, Yifan"]
[Black "Ponkratov, Pavel"]
[Result "0-1"]
[WhiteElo "2571"]
[BlackElo "2557"]
[PlyCount "88"]
[EventDate "2009.11.24"]
[EventType "swiss"]
[EventRounds "10"]
[EventCountry "RUS"]
[SourceTitle "EXT 2011"]
[Source "ChessBase"]
[SourceDate "2010.11.26"]
[SourceVersion "1"]
[SourceVersionDate "2010.11.26"]
[SourceQuality "1"]

1. e4 e6 2. d4 d5 3. Nc3 Bb4 4. e5 c5 5. a3 Bxc3+ 6. bxc3 Qc7 7. Qg4 f6 8. Bb5+
Kf8 9. Nf3 Qa5 10. Rb1 a6 11. Bd3 c4 12. Be2 Qxc3+ 13. Kd1 Nc6 14. h4 f5 15.
Qf4 Nge7 16. h5 h6 17. Bb2 Qa5 18. g4 Ke8 19. g5 Kd7 20. gxh6 gxh6 21. Rg1 Kc7
22. a4 Bd7 23. Ba3 Rae8 24. Qc1 Kc8 25. Rg7 Kb8 26. Bc5 Qc3 27. Rg3 f4 28. Qxf4
Nf5 29. Rh3 Rhg8 30. Bf1 Qa5 31. Qc1 Rg4 32. Qb2 Bc8 33. Bb6 Qxa4 34. Nh2 Rxd4+
35. Bxd4 Ncxd4 36. Ng4 Rg8 37. Nxh6 Rg1 38. Kd2 Qa5+ 39. Qc3 Qc5 40. Nxf5 Nxf5
41. Qf3 d4 42. h6 Qa5+ 43. Ke2 d3+ 44. cxd3 Qa2+ 0-1

[Event "Khanty-Mansiysk Governor Cup-A 5th"]
[Site "Khanty-Mansiysk"]
[Date "2009.12.02"]
[Round "10"]
[White "Mamedov, Rauf"]
[Black "Hou, Yifan"]
[Result "1/2-1/2"]
[WhiteElo "2638"]
[BlackElo "2571"]
[PlyCount "35"]
[EventDate "2009.11.24"]
[EventType "swiss"]
[EventRounds "10"]
[EventCountry "RUS"]
[SourceTitle "EXT 2011"]
[Source "ChessBase"]
[SourceDate "2010.11.26"]
[SourceVersion "1"]
[SourceVersionDate "2010.11.26"]
[SourceQuality "1"]

1. e4 e6 2. d4 d5 3. Nd2 c5 4. Ngf3 cxd4 5. Nxd4 Nc6 6. Nxc6 bxc6 7. Bd3 Bd6 8.
O-O Qc7 9. h3 Nf6 10. Qe2 O-O 11. b3 Be5 12. Rb1 a5 13. Nf3 dxe4 14. Bxe4 Bc3
15. Rd1 Ba6 16. Bd3 Bxd3 17. Rxd3 Nd5 18. Qe4 1/2-1/2